Vista normal
Vista MARC
Entrada Materia (corporativa)
Número de registros utilizados en: 1
001 - CONTROL NUMBER
- control field: 78921
003 - CONTROL NUMBER IDENTIFIER
- control field: Co-BoUCM
005 - DATE AND TIME OF LATEST TRANSACTION
- control field: 20160819075950.0
008 - FIXED-LENGTH DATA ELEMENTS
- fixed length control field: 160819|| aca||aabn | a|a d
040 ## - CATALOGING SOURCE
- Original cataloging agency: Co-BoUCM
- Transcribing agency: Co-BoUCM
110 ## - HEADING--CORPORATE NAME
- Corporate name or jurisdiction name as entry element: Universidad Surcolombiana
- Subordinate unit: Grupo de Investigación Programa de Acción Curricular Alternativo
670 ## - SOURCE DATA FOUND
- Source citation: Work cat.: (Co-BoUCM)304141: Universidad Surcolombiana Grupo de Investigación Programa de Acción Curricular Alternativo, Modelos y prácticas pedagógicas en la educación superior, 2004